1948 Türkiye İktisat Kongresi (22-27 Kasım) / (Record no. 15401)

MARC details
000 -BAŞLIK
Sabit Uzunlukta Kontrol Alanı 00695nam a22002177a 4500
999 ## - SİSTEM KONTROL NUMARALARI (KOHA)
Koha Biblionumber 15401
Koha Biblioitemnumber 15401
003 - KONTROL NUMARASI IDENTIFIER
Denetim Alanı MIRAKIL
005 - SON İŞLEM TARİHİ VE ZAMANI
Denetim Alanı 20240214171519.0
008 - SABİT-BOY VERİ ELEMANLARI - GENEL BİLGİLER
Sabit Uzunlukta Kontrol Alanı 240214b tu ||||| |||| 00| 0 tur d
040 ## - KATALOGLAMA KAYNAK
Orijinal Kataloglama Ajansı TR-AnCHP
Metne Dönüştürmek Ajansı TR-AnCHP
041 ## - DİL KODU
Metin / Ses Parça Veya Ayrı Başlığın Dil Kodu Türkçe
082 ## - DEWEY ONLU SINIFLANDIRMA NUMARASI
Sınıflandırma Numarası 330.4
Ürün Numarası T96 1997
090 ## - SINIFLAMA NUMARASI
Sınıflama Numarası 330.4 T96 1997
111 ## - ANA GİRİŞ - TOPLANTI ADI
Giriş Elemanı Olarak Toplantı Adı Veya Yargı Alanı Adı Türkiye İktisat Kongresi
Toplantı Veya Antlaşma İmzalandığı Tarihi 1948
245 10 - BAŞLIK TABLOSU
Başlık 1948 Türkiye İktisat Kongresi (22-27 Kasım) /
260 ## - YAYIN, DAĞITIM, VB
Yayın, Dağıtım, Vb Yeri Ankara :
Yayıncı, Dağıtıcı, Vs Adı Devlet Planlama Teşkilatı,
Yayın, Dağıtım, Vb Tarihi 1997.
300 ## - FİZİKSEL TANIM
Kapsam ix, 393 s. ;
Boyutlar 23 cm.
650 #0 - KONU KATMA GİRİŞ - TOPİKAL DÖNEM
9 (RLIN) 396
Topikal Süreli Veya Coğrafi Ad Giriş Elemanı Ekonomi
Genel Alt Bölümü Kongre
Coğrafi Alt Bölümü Türkiye
740 ## - KATMA GİRİŞ - KONTROLSUZ İLGİLİ / ANALİTİK BAŞLIK
Kontrol Edilmeyen / İlgili Analitik Başlıktaki Kongre bülteni
856 ## - ELEKTRONİK YER VE ERİŞİM
Kamu Notu Dijital Nüshası için Partimizin Kütüphane Sorumlusu ile iletişime geçiniz.
942 ## - EKLENDİ GİRİŞ ELEMANLARI (KOHA)
Sınıflandırma Veya Raf Düzeni Kaynak Dewey Decimal Classification
Koha Öğesi Türü Books
Holdings
Kalıcı Konum Mevcut Konum Edinme Tarihi Toplam Check-Out'Lar Tam Çağrı Numarası Barkod Tarih Son Görülme İtibaren Geçerli Fiyatlar Koha Öğesi Türü
CHP Kütüphanesi CHP Kütüphanesi 02/14/2024   330.4 T96 1997 20992 02/14/2024 02/14/2024 Books